[Event "Aimchess Rapid Div 2 W"]
[Site "chess.com INT"]
[Date "2023.07.11"]
[Round "2.3"]
[White "Lazavik, Denis"]
[Black "Paravyan, David"]
[Result "1-0"]
[WhiteTitle "GM"]
[BlackTitle "GM"]
[WhiteElo "2553"]
[BlackElo "2612"]
[WhiteFideId "13515110"]
[BlackFideId "4194985"]
[EventDate "2023.07.10"]
[EventType "k.o."]

1. d4 Nf6 2. c4 g6 3. Nc3 d5 4. cxd5 Nxd5 5. e4 Nxc3 6. bxc3 Bg7 7. Nf3 O-O 8.
Be2 c5 9. O-O b6 10. Be3 Bb7 11. Qd3 Nd7 12. d5 f5 13. Rad1 f4 14. Bc1 Ne5 15.
Nxe5 Bxe5 16. Bg4 Qd6 17. c4 Bc8 18. Bxc8 Raxc8 19. f3 g5 20. Qc2 Bd4+ 21. Kh1
Rcd8 22. Bb2 Bxb2 23. Qxb2 e5 24. a4 a5 25. Rb1 Rf6 26. Qe2 h5 27. Rb3 Qe7 28.
Rfb1 Rdd6 29. Kg1 Rg6 30. h3 Qg7 31. Kf1 g4 32. hxg4 hxg4 33. R1b2 gxf3 34. Rxf3
Rh6 35. Ke1 Rdg6 36. Kd1 Rh1+ 37. Rf1 Rh2 38. Rf2 Qh6 39. Kc2 Rg3 40. Kb1 Qg6
41. Ka2 Re3 42. Qc2 Qxe4 43. Rxb6 Qxc2+ 44. Rxc2 Rg3 45. Rbb2 Kf7 46. Rd2 e4 47.
d6 Rd3 48. Rxd3 exd3 49. Rd2 Ke6 50. Kb3 Kxd6 51. Kc3 Ke5 52. Kxd3 Kf5 53. Rf2
Ke5 54. Re2+ Kf5 55. Rf2 Kg5 56. Ke4 Rh4 57. Kd5 Kg4 58. Ke4 Kg5 59. Kd5 Rh1 60.
Kxc5 Kg4 61. Kb5 Kg3 62. Rf3+ Kg4 63. c5 Rc1 64. c6 Rc2 65. Kb6 Rxg2 66. Rc3
Rb2+ 67. Ka7 1-0

[Event "Aimchess Rapid Div 2 W"]
[Site "chess.com INT"]
[Date "2023.07.11"]
[Round "2.3"]
[White "Sevian, Samuel"]
[Black "Hakobyan, Aram"]
[Result "1-0"]
[WhiteTitle "GM"]
[BlackTitle "GM"]
[WhiteElo "2698"]
[BlackElo "2613"]
[WhiteFideId "2040506"]
[BlackFideId "13306677"]
[EventDate "2023.07.10"]
[EventType "k.o."]

1. d4 Nf6 2. c4 e6 3. Nf3 d5 4. Nc3 c5 5. cxd5 cxd4 6. Qxd4 exd5 7. e4 dxe4 8.
Qxd8+ Kxd8 9. Ng5 Be6 10. Nxe6+ fxe6 11. Bg5 Ke8 12. Bb5+ Nc6 13. Bxc6+ bxc6 14.
O-O-O Bb4 15. Bxf6 gxf6 16. Nxe4 Ke7 17. Rd4 Ba5 18. Rc4 Rac8 19. Nc5 Bb6 20.
Re1 Kf7 21. Nxe6 Rhe8 22. Rce4 Bxf2 23. R1e2 Bg1 24. g4 h6 25. h3 Bh2 26. Rxh2
Rxe6 27. Rxe6 Kxe6 28. Re2+ Kd6 29. Rf2 Ke6 30. Rf5 c5 31. Rh5 c4 32. Kc2 Rd8
33. Rxh6 Ke5 34. Rh5+ Kd4 35. Rf5 Rd6 36. Rf4+ Kc5 37. h4 Re6 38. Kd2 Kd5 39. h5
Rb6 40. Kc3 Re6 41. Rf5+ Kc6 42. h6 Re3+ 43. Kd4 Rg3 44. Rxf6+ 1-0

[Event "Aimchess Rapid Div 2 W"]
[Site "chess.com INT"]
[Date "2023.07.11"]
[Round "2.3"]
[White "Tabatabaei, M. Amin"]
[Black "Martinez Alcantara, Jose Eduardo"]
[Result "1-0"]
[WhiteTitle "GM"]
[BlackTitle "GM"]
[WhiteElo "2689"]
[BlackElo "2619"]
[WhiteFideId "12521213"]
[BlackFideId "3805662"]
[EventDate "2023.07.10"]
[EventType "k.o."]

1. d4 Nf6 2. c4 e6 3. g3 c5 4. Nf3 cxd4 5. Nxd4 Qb6 6. Bg2 Bc5 7. e3 O-O 8. O-O
d5 9. cxd5 Nxd5 10. Nb3 Be7 11. e4 Nf6 12. Be3 Qa6 13. e5 Nfd7 14. f4 Nc6 15.
Nc3 Na5 16. Ne4 Nc4 17. Bd4 Rd8 18. Qe2 Ndb6 19. Rfc1 Qb5 20. Bf1 Bd7 21. Rxc4
Nxc4 22. Qxc4 Qxc4 23. Bxc4 Bc6 24. Re1 Rac8 25. Bxa7 Bb4 26. Nc3 Ba4 27. Bb6
Bxb3 28. axb3 Rd2 29. Re2 Bxc3 30. bxc3 Rxe2 31. Bxe2 Rxc3 32. b4 f6 33. exf6
gxf6 34. Bd4 Rc1+ 35. Kf2 Kf7 36. b5 Rb1 37. b6 e5 38. Bc4+ Ke7 39. Bd3 Rh1 40.
Kg2 Re1 41. Bf2 Rc1 42. fxe5 fxe5 43. Be4 Rc4 44. Bxb7 Kd6 45. Ba6 Rb4 46. b7
Rb2 47. Kh3 1-0

[Event "Aimchess Rapid Div 2 W"]
[Site "chess.com INT"]
[Date "2023.07.11"]
[Round "2.4"]
[White "Martinez Alcantara, Jose Eduardo"]
[Black "Tabatabaei, M. Amin"]
[Result "1-0"]
[WhiteTitle "GM"]
[BlackTitle "GM"]
[WhiteElo "2619"]
[BlackElo "2689"]
[WhiteFideId "3805662"]
[BlackFideId "12521213"]
[EventDate "2023.07.10"]
[EventType "k.o."]

1. e4 e5 2. Nf3 Nc6 3. Bc4 Nf6 4. d3 Bc5 5. Nc3 h6 6. a3 a6 7. h3 d6 8. Be3 Bxe3
9. fxe3 Be6 10. O-O O-O 11. Qe1 Bxc4 12. dxc4 Nb8 13. Nh4 Nbd7 14. Nf5 g6 15.
Qh4 gxf5 16. Qxh6 Nh7 17. Rxf5 f6 18. Raf1 Rf7 19. Qh4 c6 20. Ne2 Qb6 21. R1f3
Rg7 22. Rh5 Qxb2 23. Rg3 Ndf8 24. Rxg7+ Kxg7 25. Ng3 Ng5 26. Rxg5+ fxg5 27. Nf5+ 1-0

[Event "Aimchess Rapid Div 2 W"]
[Site "chess.com INT"]
[Date "2023.07.11"]
[Round "2.5"]
[White "Tabatabaei, M. Amin"]
[Black "Martinez Alcantara, Jose Eduardo"]
[Result "1-0"]
[WhiteTitle "GM"]
[BlackTitle "GM"]
[WhiteElo "2689"]
[BlackElo "2619"]
[WhiteFideId "12521213"]
[BlackFideId "3805662"]
[EventDate "2023.07.10"]
[EventType "k.o."]

1. d4 Nf6 2. c4 e6 3. Nf3 c5 4. d5 exd5 5. cxd5 d6 6. Nc3 g6 7. Nd2 Bg7 8. e4
O-O 9. Be2 a6 10. a4 Nbd7 11. O-O Re8 12. Ra3 Rb8 13. Qc2 Ne5 14. a5 g5 15. Nd1
Ng6 16. Re1 h6 17. Ne3 Bd7 18. Bf1 Ng4 19. Nxg4 Bxg4 20. Nc4 Bd4 21. h3 Bc8 22.
Kh1 Qe7 23. Be3 Bg7 24. Rb3 g4 25. hxg4 Bxg4 26. Kg1 Ne5 27. f3 Bd7 28. Qf2 Nxc4
29. Bxc4 f5 30. Qg3 Kh7 31. Bf4 Qf6 32. Kh1 Qd4 33. Bf1 Be5 34. Rb6 fxe4 35.
Rxe4 Qxd5 36. Bxe5 Rxe5 37. Rxe5 Qxe5 38. Qxe5 dxe5 39. Bxa6 Ra8 40. Rxb7 Rxa6
41. Rxd7+ Kg6 42. Rd5 Rxa5 43. Rxe5 Rb5 44. Re2 c4 45. Kh2 Kg5 46. Kg3 h5 47.
Rc2 Rb4 48. Kh3 Kf4 49. Re2 Kg5 50. g3 Rb3 51. f4+ Kg6 52. Kh4 Rb5 53. Re6+ Kg7
54. Rc6 Rxb2 55. Kxh5 Rc2 56. f5 Kf7 57. g4 Ke7 58. f6+ Kd7 59. Rc5 Kd6 60. Rc8
Ke6 61. Kg6 c3 62. g5 Kd7 63. Rc4 Ke6 64. Kg7 Kd5 65. Rc8 Rg2 66. g6 Kd4 67. f7
Kd3 68. f8=Q Rg3 69. Qf5+ Ke2 70. Qe5+ Kf2 71. Qxg3+ Kxg3 72. Kf6 Kf4 73. g7 c2
74. g8=Q c1=Q 75. Qg5+ Ke4 76. Qe5+ Kd3 77. Rxc1 Kd2 78. Rc3 Kd1 79. Qe4 Kd2 80.
Qe3+ Kd1 81. Rc1# 1-0

[Event "Aimchess Rapid Div 2 W"]
[Site "chess.com INT"]
[Date "2023.07.12"]
[Round "3.1"]
[White "Sevian, Samuel"]
[Black "Kamsky, Gata"]
[Result "1-0"]
[WhiteTitle "GM"]
[BlackTitle "GM"]
[WhiteElo "2698"]
[BlackElo "2655"]
[WhiteFideId "2040506"]
[BlackFideId "2000024"]
[EventDate "2023.07.10"]
[EventType "k.o."]

1. e4 e5 2. Nf3 Nc6 3. Bb5 Nf6 4. O-O Nxe4 5. d4 Nd6 6. Bxc6 dxc6 7. dxe5 Nf5 8.
Qxd8+ Kxd8 9. Nc3 Bd7 10. Bf4 h6 11. h3 Kc8 12. g4 Ne7 13. Rad1 b6 14. Rfe1 c5
15. Nd2 Be6 16. Nde4 Nc6 17. Kg2 Kb7 18. Bg3 Nd4 19. Rd2 g5 20. Nf6 a5 21. a3 b5
22. Nce4 b4 23. f3 Kc6 24. Bf2 bxa3 25. bxa3 Rb8 26. Re3 Be7 27. Nxc5 Kxc5 28.
Rc3+ Kb5 29. Bxd4 c5 30. a4+ Kb4 31. Ne4 c4 32. Re3 Kxa4 33. Nd6 Bxd6 34. exd6
Rhd8 35. Bc3 Rb5 36. Re1 Rd5 37. Ra1+ Kb5 38. Rxa5+ Kc6 39. Rdxd5 Bxd5 40. Bb4
Rb8 41. Rc5+ Kd7 42. Rc7+ Ke6 43. Re7+ Kf6 44. Bc3+ Kg6 45. d7 Bc6 46. Ba5 1-0

[Event "Aimchess Rapid Div 2 W"]
[Site "chess.com INT"]
[Date "2023.07.12"]
[Round "3.3"]
[White "Sevian, Samuel"]
[Black "Kamsky, Gata"]
[Result "1-0"]
[WhiteTitle "GM"]
[BlackTitle "GM"]
[WhiteElo "2698"]
[BlackElo "2655"]
[WhiteFideId "2040506"]
[BlackFideId "2000024"]
[EventDate "2023.07.10"]
[EventType "k.o."]

1. e4 d5 2. exd5 Qxd5 3. Nc3 Qa5 4. Bc4 Nf6 5. d3 c6 6. Bd2 Qc7 7. Qe2 Nbd7 8.
a4 Nb6 9. Bb3 Nbd5 10. h3 a5 11. Nf3 e6 12. O-O Be7 13. Ne5 O-O 14. Rfe1 b6 15.
Qf3 Bb7 16. Re2 Rad8 17. Rae1 c5 18. Nb5 Qb8 19. Qg3 Nh5 20. Qh2 Nhf6 21. Nc4
Bc6 22. Qxb8 Rxb8 23. Ne5 Bb7 24. c3 Rfd8 25. Bc4 Ne8 26. Na7 Rd6 27. Nb5 Rdd8
28. Nxf7 Kxf7 29. Rxe6 Bf6 30. Rxb6 Kf8 31. Rbe6 Ba8 32. g4 h6 33. Ba2 Bh4 34.
d4 Nec7 35. Nxc7 Nxc7 36. Rxh6 1-0

[Event "Aimchess Rapid Div 2 W"]
[Site "chess.com INT"]
[Date "2023.07.12"]
[Round "3.5"]
[White "Kamsky, Gata"]
[Black "Sevian, Samuel"]
[Result "0-1"]
[WhiteTitle "GM"]
[BlackTitle "GM"]
[WhiteElo "2655"]
[BlackElo "2698"]
[WhiteFideId "2000024"]
[BlackFideId "2040506"]
[EventDate "2023.07.10"]
[EventType "k.o."]

1. d4 Nf6 2. Bf4 d5 3. e3 e6 4. Nf3 c5 5. c3 Bd6 6. Bb5+ Nc6 7. Bxc6+ bxc6 8.
Bxd6 Qxd6 9. Qa4 O-O 10. Qa3 Ne4 11. O-O c4 12. Qxd6 Nxd6 13. b3 f6 14. Nbd2 a5
15. bxc4 Ba6 16. Rfb1 Bxc4 17. Rb6 Rfc8 18. a4 Rab8 19. Rab1 Rxb6 20. Rxb6 Kf8
21. h4 h5 22. Ne1 Be2 23. Nb3 Ne4 24. Rb7 Bd1 25. Nxa5 Bxa4 26. Ra7 Bb5 27. Nb7
Nxc3 28. Nc5 Re8 29. Ned3 Bxd3 30. Nxd3 e5 31. dxe5 fxe5 32. Rc7 Re6 33. Nc5 Rd6
34. Nd7+ Kg8 35. Nxe5 d4 36. exd4 Ne2+ 37. Kh2 Nxd4 38. Rc8+ Kh7 39. Nf7 Rd5 40.
Ng5+ Kg6 41. f3 Rd6 42. Ne4 Re6 43. Nc5 Rd6 44. Kh3 Rd5 45. Nd3 Ne6 46. Nb4 Rd2
47. Rxc6 Kf5 48. Kg3 g5 49. Rc4 gxh4+ 50. Rxh4 Kg6 51. Nc6 Ng7 52. Re4 Rc2 53.
Ne5+ Kf5 54. Nd3 Ra2 55. Re5+ Kf6 56. Rb5 h4+ 57. Kh3 Nf5 58. Nf4 Ra4 59. Nd5+
Kg6 60. Rb6+ Kg7 0-1

[Event "Aimchess Rapid Div 2 W"]
[Site "chess.com INT"]
[Date "2023.07.13"]
[Round "4.1"]
[White "Lazavik, Denis"]
[Black "Sevian, Samuel"]
[Result "1/2-1/2"]
[WhiteTitle "GM"]
[BlackTitle "GM"]
[WhiteElo "2553"]
[BlackElo "2698"]
[WhiteFideId "13515110"]
[BlackFideId "2040506"]
[EventDate "2023.07.10"]
[EventType "k.o."]

1. d4 Nf6 2. c4 e6 3. Nf3 d5 4. g3 dxc4 5. Bg2 c5 6. O-O Nc6 7. dxc5 Qxd1 8.
Rxd1 Bxc5 9. Nbd2 c3 10. bxc3 O-O 11. Nb3 Be7 12. Nfd4 Nxd4 13. cxd4 Nd5 14. Na5
Bb4 15. Nc4 Bd7 16. Bd2 Bxd2 17. Rxd2 Rfc8 18. Bxd5 exd5 19. Ne3 Be6 20. Rb2 Rc7
21. a4 Rd8 22. a5 Kf8 23. Rab1 Rdd7 24. f3 Ke8 25. Kf2 Kd8 26. g4 Kc8 27. h4 Rc3
28. Ra1 Rdc7 29. h5 h6 30. Raa2 Rc1 31. Ng2 Rd1 32. e3 Rcc1 33. Nf4 Rf1+ 34. Kg3
Rg1+ 35. Rg2 Rxg2+ 36. Kxg2 Rc3 37. Kf2 Kd7 38. Ke2 Kd6 39. Kd2 Rb3 40. Nd3 Rb1
41. Nc1 f5 42. Kc2 Rb5 43. gxf5 Bxf5+ 44. Kc3 Rb1 45. Kd2 Kc7 46. Kd1 g5 47.
hxg6 Bxg6 48. Rg2 Bh5 49. Rg7+ Kd6 50. Kc2 Rb5 51. Nb3 Bxf3 52. Rg6+ Kc7 53.
Rxh6 Bd1+ 54. Kxd1 Rxb3 55. a6 bxa6 56. Rxa6 Rxe3 57. Rxa7+ Kb6 58. Rh7 Rd3+ 59.
Kc2 Rxd4 60. Kc3 Rg4 61. Kd3 Kc6 62. Rh8 Rg7 63. Kd4 Rg4+ 64. Kd3 Kd7 65. Rh7+
Ke6 66. Rh8 Rc4 67. Re8+ Kd7 68. Rh8 Re4 69. Rg8 Re6 70. Kd4 Re8 71. Rxe8 Kxe8
72. Kxd5 1/2-1/2

[Event "Aimchess Rapid Div 2 W"]
[Site "chess.com INT"]
[Date "2023.07.13"]
[Round "4.2"]
[White "Sevian, Samuel"]
[Black "Lazavik, Denis"]
[Result "1/2-1/2"]
[WhiteTitle "GM"]
[BlackTitle "GM"]
[WhiteElo "2698"]
[BlackElo "2553"]
[WhiteFideId "2040506"]
[BlackFideId "13515110"]
[EventDate "2023.07.10"]
[EventType "k.o."]

1. e4 e5 2. Nf3 Nc6 3. Bc4 Bc5 4. O-O Nf6 5. d3 d6 6. c3 a6 7. a4 h6 8. Nbd2 O-O
9. h3 Re8 10. Re1 Be6 11. Bxe6 Rxe6 12. b4 Ba7 13. Qc2 Qd7 14. Rb1 b5 15. Ra1
Rae8 16. Nf1 Bb6 17. Be3 Bxe3 18. Nxe3 Ne7 19. axb5 axb5 20. c4 Rb8 21. Reb1
bxc4 22. dxc4 c6 23. Ra5 Qc7 24. Ra4 Ng6 25. g3 Ree8 26. Rba1 Rb7 27. Nd2 Reb8
28. Rb1 Qd7 29. Kh2 Nf8 30. Nf3 Ne6 31. Rd1 Qc7 32. Nf5 Rd8 33. c5 dxc5 34.
Rxd8+ Qxd8 35. bxc5 Rb5 36. Nxe5 Rxc5 37. Qa2 Qc7 38. Nc4 Nxe4 39. Ra7 Rxf5 40.
Rxc7 Rxf2+ 41. Qxf2 Nxf2 42. Rxc6 Nd3 43. h4 h5 44. Ra6 g6 45. Nd6 Ne5 46. Ra7
Ng4+ 47. Kg1 Nh6 48. Ra8+ Kg7 49. Ne8+ Kh7 50. Kf1 Nd4 51. Nd6 Ndf5 52. Ne4 Kg7
53. Kf2 Ng4+ 54. Kf3 Ne5+ 55. Ke2 Ng4 56. Ra7 Ne5 57. Rb7 Nc4 58. Rd7 Ne5 59.
Ra7 Nc6 60. Ra1 Ne5 61. Kf2 Ng4+ 62. Kg2 Nf6 63. Ng5 Nh7 64. Nf3 Nf6 65. Ra7
Ne3+ 66. Kg1 Nf5 67. Ng5 Nh6 68. Kg2 Nh7 69. Ne6+ Kf6 70. Nd8 Nf8 71. Ra6+ Ne6
72. Nxe6 fxe6 73. Kf3 Nf5 74. Ra8 Nh6 75. Kf4 Nf5 76. Ra3 Nh6 77. Ke4 Nf5 78.
Rf3 Ke7 79. Ke5 Nd6 80. Rb3 Nf7+ 81. Ke4 Kf6 82. Rf3+ Ke7 83. Rf1 Nd6+ 84. Kf4
Kf6 85. g4 hxg4 86. Kxg4+ Nf5 87. Rf2 Kg7 88. Kg5 Nh6 89. Ra2 Nf7+ 90. Kg4 Kf6
91. Ra8 Ne5+ 92. Kf4 Nf7 93. Ra5 Nd6 94. Ra1 Nf5 95. Rh1 Nh6 96. Rf1 Nf5 97. Kg4
Kg7 98. Kf4 Kf6 99. Ke4 Ke7 100. Rf4 Kf6 101. Kf3 Kg7 102. Rb4 Kf6 103. Kg4 Ne3+
104. Kh3 Nf5 105. Rb8 Nh6 106. Rf8+ Kg7 107. Rf2 Nf5 108. Kg4 Kf6 109. h5 gxh5+
110. Kxh5 Ke5 111. Kg5 Nd6 112. Re2+ Ne4+ 113. Kg4 Kd4 114. Kf3 Nc5 115. Rd2+
Ke5 116. Rh2 Kd5 117. Rh5+ e5 118. Ke3 Ne6 119. Rh8 Nc5 120. Rh7 Ke6 121. Kf3
Kd5 122. Rh8 Ke6 123. Kg4 Nd7 124. Rh6+ Kd5 125. Kf5 Nc5 126. Rh8 Nb7 127. Rh1
Nd6+ 128. Kg4 Nb5 129. Kf3 Nd4+ 130. Kf2 Ke4 131. Rh4+ Kd5 132. Rh8 Ke4 133. Rd8
Nf5 134. Ra8 Nd4 135. Ra4 Kf4 136. Ra7 Ke4 137. Rf7 Nf5 138. Rf8 Nd4 139. Rg8
Kf4 140. Rh8 Nf5 141. Rh1 e4 142. Ra1 e3+ 143. Ke1 Nd4 144. Ra8 Ke4 145. Re8+
Kd3 146. Rxe3+ Kxe3 1/2-1/2

[Event "Aimchess Rapid Div 2 W"]
[Site "chess.com INT"]
[Date "2023.07.13"]
[Round "4.3"]
[White "Lazavik, Denis"]
[Black "Sevian, Samuel"]
[Result "1/2-1/2"]
[WhiteTitle "GM"]
[BlackTitle "GM"]
[WhiteElo "2553"]
[BlackElo "2698"]
[WhiteFideId "13515110"]
[BlackFideId "2040506"]
[EventDate "2023.07.10"]
[EventType "k.o."]

1. d4 Nf6 2. c4 e6 3. Nf3 d5 4. g3 dxc4 5. Bg2 c5 6. O-O Nc6 7. dxc5 Qxd1 8.
Rxd1 Bxc5 9. Nbd2 c3 10. bxc3 O-O 11. Nb3 Be7 12. Nfd4 Nxd4 13. cxd4 Nd5 14. Bd2
f5 15. Na5 b6 16. Nc6 Bf6 17. a4 Bb7 18. Ne5 Rfc8 19. a5 Bxe5 20. dxe5 Rc4 21.
Rab1 Rac8 22. Kf1 h6 23. Ke1 Ra4 24. axb6 axb6 25. Bxd5 Bxd5 26. Rxb6 Rc2 27.
Rc1 Rxc1+ 28. Bxc1 Ra2 29. Bb2 Ra7 30. Rb8+ Kf7 31. Rc8 Ra2 32. Rc2 Kg6 33. f3
Bb3 34. Rd2 Bd5 35. Kf2 Kf7 36. Ke3 Kg6 37. Kd3 Bb7 38. Kc3 Ra4 39. Rd7 Bd5 40.
Rc7 Ra6 41. Kd3 Rc6 42. Rd7 Bc4+ 43. Kd2 Ra6 44. e4 fxe4 45. fxe4 Ra2 46. Kc3
Bf1 47. Kb3 Ra8 48. Re7 Bh3 49. Ba3 Rf8 50. Bc5 Rf7 51. Rxf7 Kxf7 1/2-1/2

[Event "Aimchess Rapid Div 2 W"]
[Site "chess.com INT"]
[Date "2023.07.13"]
[Round "4.4"]
[White "Sevian, Samuel"]
[Black "Lazavik, Denis"]
[Result "1/2-1/2"]
[WhiteTitle "GM"]
[BlackTitle "GM"]
[WhiteElo "2698"]
[BlackElo "2553"]
[WhiteFideId "2040506"]
[BlackFideId "13515110"]
[EventDate "2023.07.10"]
[EventType "k.o."]

1. c4 Nf6 2. Nc3 e5 3. Nf3 Nc6 4. e4 Bb4 5. d3 d6 6. a3 Bc5 7. b4 Bb6 8. Be3 Bg4
9. Be2 Bxf3 10. Bxf3 Nd4 11. Na4 Nxf3+ 12. Qxf3 Bxe3 13. Qxe3 O-O 14. Nc3 Nh5
15. g3 f5 16. exf5 Rxf5 17. O-O Rf7 18. d4 exd4 19. Qxd4 Nf6 20. Rae1 Qd7 21.
Re2 a5 22. Rfe1 axb4 23. axb4 c6 24. Ne4 Nxe4 25. Rxe4 h6 26. Re6 d5 27. cxd5
Qxd5 28. Re8+ Rf8 29. Qxd5+ cxd5 30. Rxa8 Rxa8 31. Re7 Ra1+ 32. Kg2 d4 33. Rd7
Rd1 34. Rxb7 d3 35. Rd7 Rb1 36. Rxd3 Rxb4 37. Kf3 h5 38. Rd5 g6 39. Rd7 Kf8 40.
h3 Rb2 41. g4 Rb3+ 42. Kg2 hxg4 43. hxg4 Rb5 44. Kf3 Rb4 45. Kg3 Rc4 46. Kh4 Rc5
47. Rb7 Kg8 48. Kg3 Rc4 49. f4 Ra4 50. Kf3 Rc4 51. Ke3 Ra4 52. Rd7 Rc4 53. g5
Ra4 54. Rd4 Ra1 55. Rd8+ Kf7 56. Rd7+ Ke6 57. Rg7 Kf5 58. Rf7+ Kg4 59. Rf6 Ra4
60. Rxg6 Rxf4 61. Rg8 Rf5 62. g6 Kg5 63. g7 Rf7 64. Ke4 Kg6 65. Kd5 Rxg7 66.
Rxg7+ Kxg7 1/2-1/2

[Event "Aimchess Rapid Div 2 W"]
[Site "chess.com INT"]
[Date "2023.07.13"]
[Round "4.5"]
[White "Sevian, Samuel"]
[Black "Lazavik, Denis"]
[Result "1/2-1/2"]
[WhiteTitle "GM"]
[BlackTitle "GM"]
[WhiteElo "2698"]
[BlackElo "2553"]
[WhiteFideId "2040506"]
[BlackFideId "13515110"]
[EventDate "2023.07.10"]
[EventType "k.o."]

1. c4 Nf6 2. Nc3 e5 3. Nf3 Nc6 4. e3 Bb4 5. Qc2 Bxc3 6. bxc3 d6 7. e4 O-O 8. Be2
h6 9. O-O b6 10. Re1 Bd7 11. d3 Ne7 12. Bf1 Ng6 13. g3 Nh7 14. Bg2 f5 15. exf5
Bxf5 16. Be3 Qd7 17. Nd2 Rae8 18. a4 a5 19. Rab1 Nf6 20. f3 Rf7 21. Rb5 Ref8 22.
Rb2 Qc8 23. Bh1 Kh8 24. Rbb1 Qd8 25. Rbd1 Qe8 26. Bf2 Qc8 27. Re2 Nh7 28. h4 Nf6
29. Rde1 Qd7 30. Nf1 Ne7 31. Ne3 Bh7 32. Bg2 Qd8 33. Qd1 Nc6 34. Nf1 Qd7 35. d4
exd4 36. cxd4 Nb4 37. Rd2 Re8 38. Rxe8+ Qxe8 39. g4 Nd7 40. Ng3 Nf8 41. h5 Ne6
42. Ne2 Ng5 43. Ng3 Qf8 44. Re2 Nxf3+ 45. Kh1 Nh4 46. Bg1 Nxg2 47. Rxg2 Qe7 48.
Re2 Qh4+ 49. Kg2 Rf8 50. Re3 Qf6 51. Qe2 Nc6 52. Re6 Qf7 53. d5 Ne5 54. Bd4 Bd3
55. Qe3 Bxc4 56. Qe4 Qf3+ 57. Qxf3 Nxf3 58. Bc3 Bxd5 59. Re7 Ng5+ 60. Kg1 Nf3+
61. Kg2 Ng5+ 62. Kg1 Nf3+ 63. Kg2 1/2-1/2

[Event "Aimchess Rapid Div 2 W"]
[Site "chess.com INT"]
[Date "2023.07.14"]
[Round "5.1"]
[White "Lazavik, Denis"]
[Black "Sevian, Samuel"]
[Result "1/2-1/2"]
[WhiteTitle "GM"]
[BlackTitle "GM"]
[WhiteElo "2553"]
[BlackElo "2698"]
[WhiteFideId "13515110"]
[BlackFideId "2040506"]
[EventDate "2023.07.10"]
[EventType "k.o."]

1. d4 Nf6 2. c4 e6 3. Nf3 d5 4. g3 dxc4 5. Bg2 c5 6. O-O Nc6 7. dxc5 Qxd1 8.
Rxd1 Bxc5 9. Nbd2 c3 10. bxc3 O-O 11. Nb3 Be7 12. c4 Bd7 13. Bb2 Rfd8 14. Nfd4
Rac8 15. Nb5 b6 16. Nd6 Bxd6 17. Rxd6 Be8 18. Rxd8 Nxd8 19. Rc1 Bc6 20. c5 Bxg2
21. Kxg2 Nd7 22. cxb6 Rxc1 23. Bxc1 Nxb6 24. Kf3 Kf8 25. Ke4 Ke7 26. Ba3+ Kd7
27. f4 Nc6 28. Kd3 Ke8 29. e4 f6 30. Nd4 Kd7 31. Nb3 Ke8 32. Bc5 g6 33. a3 Kd7
34. Nd2 Na4 35. Be3 Nb6 36. Nc4 Na8 37. g4 Nc7 38. h3 f5 39. Nd2 Nb5 40. Bc5 Nd6
41. exf5 exf5 42. Nf3 fxg4 43. hxg4 h5 44. Ne5+ Nxe5+ 45. fxe5 Nf7 46. gxh5 gxh5
47. Bxa7 Nxe5+ 48. Ke4 Nc4 49. Kf5 Nxa3 50. Kg5 Nb5 51. Kxh5 1/2-1/2

[Event "Aimchess Rapid Div 2 W"]
[Site "chess.com INT"]
[Date "2023.07.14"]
[Round "5.2"]
[White "Sevian, Samuel"]
[Black "Lazavik, Denis"]
[Result "1/2-1/2"]
[WhiteTitle "GM"]
[BlackTitle "GM"]
[WhiteElo "2698"]
[BlackElo "2553"]
[WhiteFideId "2040506"]
[BlackFideId "13515110"]
[EventDate "2023.07.10"]
[EventType "k.o."]

1. d4 Nf6 2. c4 e6 3. Nf3 d5 4. Nc3 Be7 5. Bf4 O-O 6. e3 Nbd7 7. c5 c6 8. h3 b6
9. b4 a5 10. a3 Ba6 11. Bxa6 Rxa6 12. O-O Qc8 13. Nd2 Qb7 14. Rb1 axb4 15. axb4
Rfa8 16. Qc2 b5 17. Nb3 Bd8 18. Qb2 Bc7 19. Bxc7 Qxc7 20. Ra1 Kf8 21. Rxa6 Rxa6
22. Ra1 Qa7 23. Rxa6 Qxa6 24. f3 Ng8 25. Qa2 Qxa2 26. Nxa2 Ne7 27. Nac1 f6 28.
Na5 Ke8 29. Kf2 e5 30. Nb7 exd4 31. exd4 Nf8 32. Nd6+ Kd7 33. h4 Ne6 34. Ke3 Nc8
35. Nxc8 Kxc8 36. h5 Kd7 37. Ne2 g6 38. hxg6 hxg6 39. f4 Nc7 40. Kd3 Na6 41. Kc3
Ke6 42. g4 f5 43. g5 Nb8 44. Nc1 Ke7 45. Nb3 Kd7 46. Nd2 Ke7 47. Nf3 Nd7 48. Kd3
Kf7 49. Nh4 Nf8 50. Ke3 Nd7 51. Nf3 Ke7 52. Ne1 Kf7 53. Nd3 Ke7 54. Nc1 Kd8 55.
Nb3 Nf8 56. Nd2 Nd7 57. Nf3 Ke7 1/2-1/2

[Event "Aimchess Rapid Div 2 W"]
[Site "chess.com INT"]
[Date "2023.07.14"]
[Round "5.3"]
[White "Lazavik, Denis"]
[Black "Sevian, Samuel"]
[Result "1/2-1/2"]
[WhiteTitle "GM"]
[BlackTitle "GM"]
[WhiteElo "2553"]
[BlackElo "2698"]
[WhiteFideId "13515110"]
[BlackFideId "2040506"]
[EventDate "2023.07.10"]
[EventType "k.o."]

1. d4 Nf6 2. c4 e6 3. Nf3 d5 4. g3 dxc4 5. Bg2 c5 6. O-O Nc6 7. dxc5 Qxd1 8.
Rxd1 Bxc5 9. Nbd2 c3 10. bxc3 O-O 11. Nb3 Be7 12. c4 Bd7 13. Be3 Rfd8 14. Nc5
Bxc5 15. Bxc5 Rac8 16. Nd2 Be8 17. Nb3 b6 18. Bd6 a5 19. c5 bxc5 20. Nxc5 Nd5
21. Nb7 Rd7 22. Rxd5 exd5 23. Bh3 Nd4 24. Bxd7 Bxd7 25. Nxa5 Nxe2+ 26. Kg2 d4
27. Nb3 Bc6+ 28. Kf1 d3 29. Ke1 Nc3 30. Bf4 Bb5 31. Be3 Re8 32. Nc5 Ra8 33. Kd2
Ra3 34. Bd4 Rxa2+ 35. Rxa2 Nxa2 36. Nxd3 Bxd3 37. Kxd3 Nb4+ 38. Ke4 Nc6 39. Bc5
Nd8 40. f4 f6 41. f5 Kf7 42. Kd5 Ke8 43. Bd6 Nf7 44. Bf4 1/2-1/2

[Event "Aimchess Rapid Div 2 W"]
[Site "chess.com INT"]
[Date "2023.07.14"]
[Round "5.4"]
[White "Sevian, Samuel"]
[Black "Lazavik, Denis"]
[Result "1/2-1/2"]
[WhiteTitle "GM"]
[BlackTitle "GM"]
[WhiteElo "2698"]
[BlackElo "2553"]
[WhiteFideId "2040506"]
[BlackFideId "13515110"]
[EventDate "2023.07.10"]
[EventType "k.o."]

1. d4 Nf6 2. c4 e6 3. Nf3 d5 4. Nc3 Be7 5. Bf4 O-O 6. e3 Nbd7 7. c5 c6 8. h3 b6
9. b4 a5 10. a3 Ba6 11. Bxa6 Rxa6 12. O-O Qc8 13. Qc2 Qb7 14. Rfb1 axb4 15. axb4
Rfa8 16. Rxa6 Rxa6 17. Nd2 b5 18. Qb2 Qa7 19. Nb3 Bd8 20. Ra1 Rxa1+ 21. Qxa1
Qxa1+ 22. Nxa1 Ne8 23. Nb3 Bc7 24. Na5 Nb8 25. Bxc7 Nxc7 26. g4 f6 27. f4 Kf7
28. Kf2 Ke7 29. Na2 Nca6 30. Kf3 Kd7 31. Ke2 Kc7 32. Kd3 f5 33. g5 Nd7 34. Kc3
Nf8 35. Nc1 Ng6 36. Nd3 Nb8 37. Kd2 Nd7 38. Ke2 Nh8 39. Kf3 g6 40. Kg3 Nf7 41.
Nb3 Nf8 42. Nd2 Nd7 43. Nf3 Kd8 44. h4 Ke7 45. h5 Kd8 46. Kh4 Ke7 47. Kg3 Kd8
48. Nh4 Nh8 49. hxg6 hxg6 50. Kf2 Kc7 51. Ke2 Kd8 52. Kd2 Kc7 53. Nc1 Nf8 54.
Ke2 Nd7 55. Nb3 Nf8 56. Nd2 Nd7 57. Ndf3 Kd8 58. Kd3 Ke7 59. Ke2 Kd8 60. Kf2 Ke7
61. Kg3 Kd8 62. Ng2 Nf7 63. Nge1 Ke7 64. Nd3 Kd8 65. Kh4 Ke7 66. Nd2 Kd8 67. Nb3
Kc7 68. Kg3 Nf8 69. Nbc1 Nd7 70. Ne2 Nf8 71. Ne5 Nxe5 72. dxe5 Kd7 73. Nd4 Kc7 1/2-1/2